[Event "Tourn. n9850"]
[Site "www.echecsemail.com"]
[Date "2018.07.31"]
[Round "1"]
[White "Seger"]
[Black "Aperturaf"]
[WhiteElo "2840"]
[BlackElo "2750"]
[Result "1/2-1/2"]
[Round "1"]
1.d4 e6
2.e4 d5
3.Nb1c3 Ng8f6
4.e5 Nf6d7
5.f4 c5
6.Ng1f3 Nb8c6
7.Bc1e3 cxd4
8.Nf3xd4 Bf8c5
9.Qd1d2 Nc6xd4
10.Be3xd4 Bc5xd4
11.Qd2xd4 Qd8b6
12.Nc3b5 Qb6xd4
13.Nb5xd4 Ke7
14.g3 Nd7b8
15.c3 Bc8d7
16.Kd2 Nb8c6
17.Bf1d3 h6
18.Rh1f1 f6
19.Nd4f3 fxe5
20.Nf3xe5 Nc6xe5
21.fxe5 Ra8f8
22.Ke3 Bd7e8
23.Rf1xf8 Rh8xf8
24.Ra1c1 Kd8
25.Rc1g1 g5
26.Rg1g2 Ke7
27.b3 Be8h5
28.Rg2f2 Rf8xf2
{ draw }
1/2-1/2

[Event "Match"]
[Site "www.echecsemail.com"]
[Date "2018.07.31"]
[Round "1"]
[White "Apdash"]
[Black "Calponas"]
[WhiteElo "1810"]
[BlackElo "2130"]
[Result "1-0"]
[Round "1"]
1.e4 c5
2.Ng1f3 d6
3.Bf1c4 Nb8c6
4.O-O Ng8f6
5.Nf3g5 e6
6.d3 Bf8e7
7.f4 h6
8.Ng5f3 Bc8d7
9.e5 Nf6d5
10.exd6 Be7xd6
11.Nb1c3 Nd5xc3
12.bxc3 O-O
13.d4 Nc6a5
14.Bc4d3 c4
15.Bd3e2 b5
16.Nf3e5 Bd7c6
17.Ne5xc6 Na5xc6
18.Be2f3 Ra8c8
19.d5 Bd6c5
20.Kh1 exd5
21.Bf3xd5 Nc6e7
22.Bd5b7 Rc8c7
23.Qd1f3 Qd8b8
24.Bb7e4 Qb8b6
25.f5 Qb6f6
26.Bc1f4 Rc7d7
27.g4 Bc5d6
28.Ra1d1 Rf8d8
29.Bf4xd6 Rd7xd6
30.Rd1xd6 Rd8xd6
31.Qf3g3 g5
32.Rf1b1 Kg7
33.Qg3f3 a6
34.a4 Rd6b6
35.Qf3e3 Qf6e5
36.Rb1e1 bxa4
37.Qe3xb6 Ne7d5
38.Qb6d4 { resign }
1-0

[Event "Tourn. n9879"]
[Site "www.echecsemail.com"]
[Date "2018.07.31"]
[Round "1"]
[White "Mitja"]
[Black "Ffdd65"]
[WhiteElo "2050"]
[BlackElo "2180"]
[Result "0-1"]
[Round "1"]
1.d4 d5
2.e3 Ng8f6
3.h3 e6
4.Ng1f3 Bf8d6
5.c3 Bc8d7
6.Nb1d2 Nb8c6
7.b3 h6
8.Bc1b2 Qd8e7
9.Bf1e2 Nf6h7
10.Qd1c2 Nh7g5
11.Nf3xg5 Qe7xg5
12.Be2f3 e5
13.dxe5 Qg5xe5
14.O-O-O Qe5g5
15.e4 dxe4
16.Bf3xe4 O-O-O
17.Be4f3 Nc6e5
18.h4 Qg5e7
19.g3 Ne5xf3
20.Nd2xf3 f6
21.Rh1e1 Qe7f7
22.Kb1 Bd7g4
23.Qc2e4 Qf7h5
24.Rd1d5 g5
25.Rd5d3 Rh8e8
26.Qe4d5 Bd6e7
27.Qd5e4 Rd8xd3
28.Qe4xd3 Bg4xf3
29.Qd3f5 Kb8
30.c4 gxh4
31.Qf5xh5 Bf3xh5
32.gxh4 Kc8
33.Bb2xf6 Be7xf6
{ resign }
0-1

[Event "Tourn. n9876"]
[Site "www.echecsemail.com"]
[Date "2018.07.31"]
[Round "1"]
[White "Liencam2"]
[Black "Fantomas"]
[WhiteElo "2370"]
[BlackElo "2210"]
[Result "1-0"]
[Round "1"]
1.e4 e5
2.Ng1f3 Nb8c6
3.d4 exd4
4.c3 d6
5.cxd4 Ng8f6
6.Nb1c3 h6
7.Bf1b5 Bc8d7
8.O-O Bf8e7
9.Rf1e1 O-O
10.h3 a6
11.Bb5d3 Nf6h7
12.a3 Nh7g5
13.Bc1e3 Rf8e8
14.Qd1c2 Ng5xf3
15.gxf3 Bd7xh3
16.Bd3f1 Bh3xf1
17.Kxf1 Qd8d7
18.Ke2 Be7f8
19.Re1g1 Kh8
20.Qc2d2 Nc6e7
21.Rg1h1 Ne7g8
22.Ra1g1 Re8e6
23.f4 Re6g6
24.f5 Rg6xg1
25.Rh1xg1 f6
26.Nc3d5 Ra8e8
27.f3 Qd7f7
28.Nd5f4 b6
29.d5 Kh7
30.Kd1 Re8e7
31.Nf4e6 Re7d7
32.Rg1h1 Rd7e7
33.f4 Re7d7
34.e5 dxe5
35.fxe5 fxe5
36.Ne6g5 { resign }
1-0

[Event "Match"]
[Site "www.echecsemail.com"]
[Date "2018.07.31"]
[Round "1"]
[White "Aiko1603"]
[Black "Joskomol"]
[WhiteElo "2130"]
[BlackElo "1809"]
[Result "0-1"]
[Round "1"]
1.c4 e5
2.Nb1c3 Nb8c6
3.g3 g6
4.Bf1g2 d6
5.Ng1f3 Bf8g7
6.d3 Ng8e7
7.O-O Bc8d7
8.Bc1g5 O-O
9.Nc3d5 f6
10.Nd5xe7 Qd8xe7
11.Bg5e3 f5
12.Be3g5 Qe7f7
13.Nf3xe5 dxe5
14.Bg2d5 Bd7e6
15.Bd5xc6 bxc6
16.Bg5e3 f4
17.Be3d2 Be6h3
18.Rf1e1 fxg3
19.fxg3 Qf7f2
{ resign }
0-1

[Event "Tourn. n9843"]
[Site "www.echecsemail.com"]
[Date "2018.07.31"]
[Round "1"]
[White "Conde7"]
[Black "Seger"]
[WhiteElo "2790"]
[BlackElo "2830"]
[Result "1/2-1/2"]
[Round "1"]
1.a3 c5
2.c4 g6
3.g3 Bf8g7
4.Bf1g2 Nb8c6
5.Nb1c3 e6
6.Ra1b1 Ng8e7
7.b4 d6
8.Ng1f3 O-O
9.O-O b6
10.e3 Ra8b8
11.Qd1c2 Bc8b7
12.d3 Qd8d7
13.b5 Nc6d8
14.a4 f5
15.e4 h6
16.h4 e5
17.a5 bxa5
18.Bc1d2 f4
19.Rb1a1 a6
20.Ra1xa5 axb5
21.cxb5 Kh7
22.Qc2a2 Nd8f7
23.Ra5a7 g5
24.hxg5 hxg5
25.Nf3h2 g4
26.f3 gxf3
27.Nh2xf3 Qd7g4
28.gxf4 exf4
29.Nf3h2 Qg4h5
30.Rf1xf4 Bg7e5
31.Nh2g4 Be5d4
32.Ng4f2 c4
33.Nc3d5 Ne7xd5
34.exd5 Qh5d1
35.Kh2 { draw }
1/2-1/2

[Event "Tourn. n9891"]
[Site "www.echecsemail.com"]
[Date "2018.07.31"]
[Round "1"]
[White "Dougbeer"]
[Black "Luban"]
[WhiteElo "2070"]
[BlackElo "2040"]
[Result "1-0"]
[Round "1"]
1.e4 c6
2.c4 d5
3.cxd5 cxd5
4.exd5 Qd8xd5
5.Nb1c3 Qd5d8
6.d4 e6
7.Ng1f3 a6
8.Bf1c4 b5
9.Bc4b3 Bc8b7
10.O-O h6
11.d5 exd5
12.Rf1e1 Bf8e7
13.Nc3xd5 Bb7xd5
14.Bb3xd5 Ra8a7
15.Bd5xf7 Kxf7
16.Nf3e5 Kf8
17.Qd1h5 { resign }
1-0

[Event "Match"]
[Site "www.echecsemail.com"]
[Date "2018.07.31"]
[Round "1"]
[White "Apdash"]
[Black "Llord"]
[WhiteElo "1810"]
[BlackElo "1950"]
[Result "1-0"]
[Round "1"]
1.d4 d5
2.Ng1f3 Nb8c6
3.Bc1f4 Ng8f6
4.e3 Bc8f5
5.c4 e6
6.Nb1c3 Bf8b4
7.Qd1a4 O-O
8.Ra1c1 Nf6e4
9.Bf1e2 Ne4xc3
10.bxc3 Bb4e7
11.cxd5 exd5
12.O-O Bf5d7
13.Qa4b3 Bd7e6
14.Qb3xb7 Be6d7
15.Bf4xc7 Qd8e8
16.Qb7b3 Ra8c8
17.Bc7g3 h6
18.Qb3xd5 Bd7e6
19.Qd5e4 Qe8d7
20.Be2b5 Be6d5
21.Qe4f4 Rc8b8
22.Nf3e5 Qd7d6
23.Bb5xc6 Bd5xc6
24.Ne5xc6 Qd6xc6
25.Rc1c2 Be7g5
26.Qf4f5 Rb8b5
27.Qf5d3 Qc6b6
28.Bg3d6 Rf8d8
29.c4 Rb5b1
30.c5 Rb1xf1
31.Qd3xf1 Qb6c6
32.Qf1d3 Qc6b7
33.Qd3b3 Rd8d7
34.f4 Bg5e7
35.Bd6xe7 Rd7xe7
36.Qb3xb7 Re7xb7
37.c6 Rb7c7
38.d5 Kf8
39.d6 { resign }
1-0

[Event "Tourn. n9859"]
[Site "www.echecsemail.com"]
[Date "2018.07.31"]
[Round "1"]
[White "Bojan"]
[Black "Ff333"]
[WhiteElo "2040"]
[BlackElo "2170"]
[Result "1-0"]
[Round "1"]
1.e4 e5
2.Bf1c4 Nb8c6
3.c3 Qd8f6
4.Ng1f3 h6
5.a3 Bf8c5
6.d3 a6
7.Qd1e2 b5
8.Bc4b3 d6
9.h3 Qf6g6
10.g3 Bc8d7
11.Bc1e3 Bc5b6
12.Be3xb6 cxb6
13.Qe2e3 Ra8b8
14.a4 bxa4
15.Ra1xa4 Nc6a5
16.Ra4a3 Ng8e7
17.Nb1d2 O-O
18.Bb3a2 Bd7c8
19.b4 Na5c6
20.Nf3h4 Qg6f6
21.Nh4g2 Nc6a7
22.Nd2c4 Na7b5
23.Ra3b3 d5
24.exd5 Ne7xd5
25.Qe3d2 Nd5xc3
26.Rb3xc3 Nb5xc3
27.Qd2xc3 Bc8b7
28.Nc4e3 Rb8c8
29.Qc3d2 Bb7xg2
30.Ne3xg2 e4
31.O-O exd3
32.Qd2xd3 b5
33.Ba2b1 g6
34.Ng2e3 Rf8d8
35.Qd3e4 Rd8d2
36.Ne3d5 Qf6e6
37.Qe4xe6 fxe6
38.Nd5e7 Kf7
39.Ne7xc8 { resign }
1-0

[Event "Tourn. n9903"]
[Site "www.echecsemail.com"]
[Date "2018.07.31"]
[Round "1"]
[White "Apdash"]
[Black "Mitja"]
[WhiteElo "2000"]
[BlackElo "2020"]
[Result "1-0"]
[Round "1"]
1.e4 d5
2.exd5 Qd8xd5
3.Ng1f3 e6
4.Bf1e2 c6
5.Nb1c3 Qd5d8
6.O-O Bf8e7
7.d4 h6
8.Nf3e5 Nb8d7
9.Bc1f4 Nd7xe5
10.Bf4xe5 Be7f6
11.Nc3e4 Bf6xe5
12.dxe5 Ng8e7
13.Ne4d6 Kf8
14.Be2h5 g6
15.Qd1f3 Rh8h7
16.Ra1d1 Qd8c7
17.Qf3d3 b6
18.f4 a5
19.Nd6xc8 Ra8xc8
20.c4 Rh7g7
21.Bh5f3 c5
22.Qd3d6 Qc7a7
23.Qd6d8 { resign }
1-0

[Event "Tourn. n9875"]
[Site "www.echecsemail.com"]
[Date "2018.07.31"]
[Round "1"]
[White "Gandalf50"]
[Black "Apdash"]
[WhiteElo "1980"]
[BlackElo "1810"]
[Result "1-0"]
[Round "1"]
1.c4 e6
2.Nb1c3 c6
3.e4 d5
4.exd5 cxd5
5.cxd5 exd5
6.d4 Ng8f6
7.Ng1f3 Bf8e7
8.Bf1d3 Bc8g4
9.h3 Bg4h5
10.Qd1b3 b6
11.Nf3e5 O-O
12.O-O Bh5g6
13.Bd3xg6 fxg6
14.Bc1e3 Kh8
15.Ra1c1 Be7d6
16.Nc3xd5 Bd6xe5
17.dxe5 Nf6xd5
18.Rc1d1 Qd8e7
19.Qb3xd5 Nb8a6
20.Qd5d6 Ra8e8
21.Qd6xe7 Re8xe7
22.f4 Rf8c8
23.Rd1c1 Re7c7
24.Rc1xc7 Rc8xc7
25.Rf1c1 Rc7xc1
26.Be3xc1 Na6b4
27.Bc1d2 Nb4d3
28.b3 Kg8
29.Kf1 Kf7
30.Ke2 Nd3c5
31.Ke3 h5
32.g4 Ke6
33.Kd4 a6
34.Bd2e3 Nc5d7
35.Ke4 b5
36.f5 gxf5
37.gxf5 Ke7
38.Be3d4 a5
39.e6 Nd7f6
40.Bd4xf6 gxf6
41.Kd5 h4
42.Kc6 b4
43.Kb5 Kd6
44.Kxa5 { resign }
1-0

[Event "1/32 Finale"]
[Site "www.chess-mail.com"]
[Date "2018.07.31"]
[Round "1"]
[White "Piriot"]
[Black "Bojan"]
[WhiteElo "2370"]
[BlackElo "2000"]
[Result "1-0"]
[Round "1"]
1.Ng1f3 g6
2.d4 Bf8g7
3.e4 a6
4.c4 d6
5.Nb1c3 b6
6.Bf1d3 e5
7.Bc1e3 f6
8.O-O exd4
9.Nf3xd4 Ng8e7
10.f4 Bc8d7
11.Ra1c1 O-O
12.Qd1b3 c5
13.Nd4f3 f5
14.Nc3d5 Ne7xd5
15.exd5 Rf8e8
16.Be3f2 Re8e2
17.Bd3xe2 h6
18.Rf1e1 a5
19.Be2d3 Nb8a6
20.a3 Bg7f6
21.Re1e2 a4
22.Qb3c2 Qd8f8
23.Rc1e1 Na6c7
24.Bf2h4 Bf6xh4
25.Nf3xh4 Qf8f6
26.Nh4f3 Ra8f8
27.Re2e7 Rf8f7
28.Re7xf7 Kxf7
29.b4 axb3
30.Qc2xb3 Nc7a8
31.a4 g5
32.a5 bxa5
33.Qb3b8 g4
34.Nf3e5 Ke7
35.Ne5xg4 { resign }
1-0

[Event "Fast Game"]
[Site "www.echecsemail.com"]
[Date "2018.07.31"]
[Round "1"]
[White "Cristiano"]
[Black "Hennie4820"]
[WhiteElo "1609"]
[BlackElo "1770"]
[Result "1-0"]
[Round "1"]
1.e4 c5
2.Ng1f3 e6
3.d4 cxd4
4.Nf3xd4 Ng8f6
5.Nb1c3 Qd8b6
6.Bf1e2 Bf8c5
7.Nc3a4 Qb6a5
8.c3 Bc5xd4
9.Qd1xd4 Nb8c6
10.Qd4c4 a6
11.Qc4b3 Nf6xe4
12.Bc1e3 Qa5d8
13.O-O d5
14.f3 Ne4f6
15.Ra1d1 O-O
16.Na4b6 Ra8b8
17.Nb6a4 Qd8c7
18.Be3f2 b5
19.Na4c5 b4
20.cxb4 a5
21.b5 Nc6e5
22.Rd1c1 Qc7d8
23.Bf2g3 Ne5d7
24.Nc5xd7  { time }
1-0

[Event "Tourn. n9755"]
[Site "www.chess-mail.com"]
[Date "2018.08.01"]
[Round "1"]
[White "Numanoid"]
[Black "Ejner"]
[WhiteElo "2380"]
[BlackElo "2410"]
[Result "1-0"]
[Round "1"]
1.b4 d5
2.Bc1b2 Bc8g4
3.g3 c6
4.Bf1g2 e6
5.Ng1f3 Ng8f6
6.a3 a5
7.bxa5 Ra8xa5
8.O-O Nb8d7
9.d3 Bf8d6
10.Nb1d2 O-O
11.c4 Qd8e7
12.cxd5 exd5
13.h3 Bg4xf3
14.Nd2xf3 Rf8a8
15.Ra1b1 Ra8a7
16.Nf3d4 Bd6xa3
17.Bb2c3 Ra5a6
18.Nd4f5 Qe7e6
19.Nf5d4 Qe6e8
20.e4 dxe4
21.dxe4 Ba3f8
22.e5 Nd7xe5
23.Rf1e1 Qe8b8
24.Nd4f5 Ne5g6
25.h4 Ra6a2
26.h5 Ra7a3
27.Bc3xf6 gxf6
28.hxg6 hxg6
29.Qd1d7 Qb8a7
30.Nf5e3 Ra2a1
31.Ne3g4 Kg7
32.Qd7d8 Ra1xb1
33.Qd8xf6 Kg8
34.Re1xb1 Ra3xg3
35.Ng4e5 b5
36.Rb1d1 { resign }
1-0

[Event "Tourn. n9786"]
[Site "www.chess-mail.com"]
[Date "2018.08.01"]
[Round "1"]
[White "Pwain"]
[Black "Jaroslavpech"]
[WhiteElo "2570"]
[BlackElo "2460"]
[Result "1/2-1/2"]
[Round "1"]
1.e4 c5
2.c3 d5
3.exd5 Qd8xd5
4.d4 Ng8f6
5.Ng1f3 e6
6.Bc1e3 cxd4
7.cxd4 Bf8b4
8.Nb1c3 O-O
9.Bf1e2 Nb8c6
10.a3 Bb4xc3
11.bxc3 b6
12.c4 Qd5d6
13.O-O Bc8b7
14.Qd1d2 Rf8d8
15.Rf1d1 Ra8c8
16.h3 Nc6a5
17.c5 Qd6e7
18.Qd2e1 Bb7e4
19.Nf3d2 Be4c6
20.Ra1b1 bxc5
21.dxc5 Nf6d5
22.Be2a6 Nd5xe3
23.Qe1xe3 Rc8c7
24.Nd2c4 Rd8xd1
25.Rb1xd1 Na5xc4
26.Ba6xc4 h6
27.Rd1c1 { draw }
1/2-1/2

[Event "Match"]
[Site "www.echecsemail.com"]
[Date "2018.08.01"]
[Round "1"]
[White "Eeze"]
[Black "Guillaumefi"]
[WhiteElo "1840"]
[BlackElo "1920"]
[Result "1-0"]
[Round "1"]
1.e4 c5
2.c3 e5
3.Ng1f3 Nb8c6
4.d3 h6
5.a3 g6
6.b4 cxb4
7.axb4 a5
8.b5 Nc6e7
9.Nf3xe5 d6
10.Ne5f3 Bf8g7
11.d4 Bc8g4
12.Bf1e2 Bg4xf3
13.Be2xf3 Qd8d7
14.Qd1a4 Ne7c8
15.Nb1a3 Nc8b6
16.Qa4b3  { time }
1-0

[Event "Tourn. n9870"]
[Site "www.echecsemail.com"]
[Date "2018.08.01"]
[Round "1"]
[White "Awfen"]
[Black "Ditto"]
[WhiteElo "2060"]
[BlackElo "1900"]
[Result "1-0"]
[Round "1"]
1.e4 e5
2.f4 exf4
3.Ng1f3 Bf8c5
4.d4 Bc5b4
5.c3 Bb4e7
6.Bc1xf4 d6
7.Bf1d3 Bc8g4
8.O-O Ng8f6
9.Nb1d2 a6
10.Qd1b3 b6
11.Nf3g5 Bg4h5
12.Bd3c4 O-O
13.h3 Nb8c6
14.Qb3c2 Bh5g6
15.Ra1d1 Nc6a5
16.Bc4d3 Nf6d7
17.Ng5f3 Bg6h5
18.e5 dxe5
19.dxe5 Be7c5
20.Kh1 Na5c6
21.Rd1e1 Nc6e7
22.Bd3xh7 Kh8
23.Bh7e4 Ra8b8
24.b4 Ne7g8
25.bxc5 Nd7xc5
26.Be4f5 Ng8e7
27.Bf4g5 Qd8e8
28.Nf3h4 Rb8d8
29.g4 f6
30.exf6 gxf6
31.Bg5h6 Rf8f7
32.gxh5 Qe8c6
33.Nd2e4 Ne7xf5
34.Nh4xf5 Rd8e8
35.Kh2 Rf7h7
36.Ne4xc5 Qc6xc5
37.Re1xe8 { resign }
1-0

[Event "Tourn. n9893"]
[Site "www.echecsemail.com"]
[Date "2018.08.01"]
[Round "1"]
[White "Cal"]
[Black "Picifarkinca"]
[WhiteElo "1670"]
[BlackElo "1590"]
[Result "1-0"]
[Round "1"]
1.c4 e6
2.a3 d5
3.cxd5 exd5
4.h3 Ng8f6
5.d3 Nb8c6
6.Nb1c3 Bf8e7
7.e3 O-O
8.Ng1f3 Bc8e6
9.b4 { resign }
1-0

[Event "Match"]
[Site "www.echecsemail.com"]
[Date "2018.08.01"]
[Round "1"]
[White "Joseph1983"]
[Black "Joskomol"]
[WhiteElo "2300"]
[BlackElo "2150"]
[Result "1/2-1/2"]
[Round "1"]
1.Ng1f3 d5
2.g3 c5
3.Bf1g2 Bc8g4
4.d3 Qd8b6
5.Nb1d2 Nb8c6
6.O-O Ng8f6
7.c4 e6
8.b3 Bf8e7
9.Bc1b2 O-O
10.Ra1c1 d4
11.h3 Bg4f5
12.Nf3h4 Nf6d7
13.Nh4xf5 exf5
14.Nd2f3 Rf8e8
15.Rf1e1 a6
16.e3 dxe3
17.Re1xe3 Be7f6
18.Re3xe8 Ra8xe8
{ draw }
1/2-1/2

[Event "Match"]
[Site "www.echecsemail.com"]
[Date "2018.08.01"]
[Round "1"]
[White "Cathar"]
[Black "Fegatux"]
[WhiteElo "2340"]
[BlackElo "2310"]
[Result "1-0"]
[Round "1"]
1.c4 e6
2.g3 d5
3.Bf1g2 Ng8f6
4.Ng1f3 c6
5.b3 Bf8e7
6.O-O O-O
7.Bc1b2 Nb8d7
8.d4 a5
9.Nb1d2 b5
10.c5 Bc8a6
11.Qd1c2 b4
12.Rf1e1 Qd8c7
13.e4 Rf8b8
14.e5 Nf6e8
15.a3 bxa3
16.Ra1xa3 Ba6b5
17.Re1a1 Ra8a7
18.Bb2c3 a4
19.bxa4  { time }
1-0

[Event "Tourn. n9873"]
[Site "www.echecsemail.com"]
[Date "2018.08.01"]
[Round "1"]
[White "Hansen"]
[Black "Picifarkinca"]
[WhiteElo "1520"]
[BlackElo "1590"]
[Result "1-0"]
[Round "1"]
1.e4 c6
2.c3 d6
3.h3 e5
4.d4 Bf8e7
5.Ng1f3 f5
6.Bf1c4 fxe4
7.Nf3d2 d5
8.Bc4b3 exd4
9.cxd4 Ng8f6
10.g4 Bc8e6
11.g5 Nf6d7
12.h4 { resign }
1-0

[Event "Tourn. n9884"]
[Site "www.echecsemail.com"]
[Date "2018.08.01"]
[Round "1"]
[White "Kuriero"]
[Black "Picifarkinca"]
[WhiteElo "1569"]
[BlackElo "1590"]
[Result "1-0"]
[Round "1"]
1.e4 c6
2.d4 d5
3.Nb1c3 dxe4
4.Nc3xe4 Nb8d7
5.Ng1f3 Ng8f6
6.Ne4g3 e6
7.Bf1d3 Bf8d6
8.O-O O-O
9.Rf1e1 { resign }
1-0

[Event "Tourn. n9884"]
[Site "www.echecsemail.com"]
[Date "2018.08.01"]
[Round "1"]
[White "Picifarkinca"]
[Black "Hansen"]
[WhiteElo "1590"]
[BlackElo "1520"]
[Result "0-1"]
[Round "1"]
1.e4 e6
2.d4 Nb8c6
3.Ng1f3 d5
4.e5 f6
5.c3 fxe5
6.dxe5 a6
7.Bc1f4 Bf8c5
8.Nb1d2 Ng8e7
{ resign }
0-1

[Event "Tourn. n9889"]
[Site "www.echecsemail.com"]
[Date "2018.08.01"]
[Round "1"]
[White "Bojan"]
[Black "Cirovicz"]
[WhiteElo "2030"]
[BlackElo "2140"]
[Result "0-1"]
[Round "1"]
1.e4 c5
2.Ng1f3 e6
3.b3 d5
4.exd5 exd5
5.Qd1e2 Qd8e7
6.Bc1b2 Ng8f6
7.Bb2xf6 Qe7xe2
8.Bf1xe2 gxf6
9.Be2b5 Bc8d7
10.Bb5xd7 Kxd7
11.Nb1c3 Kc6
12.O-O-O Bf8h6
13.Rh1e1 Nb8d7
14.Re1e7 Rh8f8
15.Nf3h4 b5
16.Nh4f5 Bh6f4
17.g3 Bf4e5
18.f4 Be5d6
19.Nf5xd6 Kxd6
20.Rd1e1 a6
21.Kb2 d4
22.Nc3d1 Nd7e5
23.Re7b7 Ne5d7
24.c4 b4
25.Nd1f2 Kc6
26.Rb7xd7 Kxd7
27.Nf2e4 Kc6
28.Ne4xf6 a5
29.Kc2 a4
30.Nf6xh7 Rf8h8
31.Nh7g5 axb3
32.Kxb3 Rh8xh2
33.Re1d1 Ra8a3
34.Kb2 Ra3xg3
35.Ng5xf7 Rh2f2
36.Nf7d8 Kd7
37.Nd8b7 Kc6
38.Nb7a5 Kb6
39.Na5b3 Rf2xf4
40.Rd1e1 Rg3g6
41.Re1e5 Rg6c6
42.Kc2 d3
43.Kxd3 Rc6d6
44.Ke3 Rf4xc4
45.Re5e8 Rc4c2
46.Re8a8 c4
47.Nb3d4 c3
48.dxc3 Rc2xc3
49.Ke4 Rc3c4
50.Ra8b8 Kc7
{ resign }
0-1

[Event "Match"]
[Site "www.echecsemail.com"]
[Date "2018.08.01"]
[Round "1"]
[White "J1j6"]
[Black "Foxy100"]
[WhiteElo "1940"]
[BlackElo "2210"]
[Result "0-1"]
[Round "1"]
1.d4 d5
2.c4 e6
3.Ng1f3 Ng8f6
4.cxd5 exd5
5.Nb1c3 Bf8e7
6.g3 O-O
7.Bf1g2 c6
8.Qd1c2 Rf8e8
9.Bc1f4 Be7d6
10.Bf4xd6 Qd8xd6
11.O-O Nb8d7
12.Rf1e1 Nd7b6
13.e3 g6
14.Nf3d2 Bc8f5
15.e4 dxe4
16.Bg2xe4 Bf5e6
17.Nd2f3 Be6g4
18.Qc2d3 Ra8d8
19.Nf3d2 Qd6xd4
20.Qd3xd4 Rd8xd4
21.Nd2b3 Rd4xe4
22.Nc3xe4 Re8xe4
23.Re1xe4 Nf6xe4
24.Kg2 Nb6c4
25.f3 Nc4e3
26.Kg1 Bg4xf3
{ resign }
0-1

[Event "Tourn. n9884"]
[Site "www.echecsemail.com"]
[Date "2018.08.01"]
[Round "1"]
[White "Azulmarino"]
[Black "Picifarkinca"]
[WhiteElo "1620"]
[BlackElo "1590"]
[Result "1-0"]
[Round "1"]
1.e4 c6
2.Bf1c4 d5
3.Bc4d3 e5
4.Ng1f3 Bc8g4
5.h3 Bg4xf3
6.Qd1xf3 Ng8f6
7.O-O d4
8.Bd3c4 { resign }
1-0

[Event "Match"]
[Site "www.echecsemail.com"]
[Date "2018.08.01"]
[Round "1"]
[White "Karlgrocer"]
[Black "J1j6"]
[WhiteElo "1970"]
[BlackElo "1809"]
[Result "1/2-1/2"]
[Round "1"]
1.d4 Ng8f6
2.e3 g6
3.Ng1f3 Bf8g7
4.Bf1e2 d5
5.O-O b6
6.Nb1d2 O-O
7.c4 Bc8b7
8.cxd5 Qd8xd5
9.Qd1c2 c5
10.dxc5 bxc5
11.Nd2b3 Nb8d7
12.Bc1d2 Nf6e4
13.Rf1d1 Qd5c6
14.Nb3a5 Qc6b6
15.Na5xb7 Qb6xb7
16.Ra1b1 Ne4xd2
17.Rd1xd2 Ra8c8
18.b3 Nd7e5
19.Nf3xe5 Bg7xe5
20.Rb1d1 Qb7c7
21.g3 e6
22.Be2c4 Rc8d8
23.Rd2xd8 Rf8xd8
24.Rd1xd8 Qc7xd8
25.Kg2 h5
26.Qc2e4 Be5g7
27.a4 Kh7
28.h4 Qd8b6
29.f4 Qb6b4
30.Qe4d3 Qb4b7
31.e4 e5
32.fxe5 Bg7xe5
33.Qd3f3 Kg7
{ draw }
1/2-1/2

[Event "Match"]
[Site "www.echecsemail.com"]
[Date "2018.08.01"]
[Round "1"]
[White "Daniel13"]
[Black "Guidom"]
[WhiteElo "1699"]
[BlackElo "2130"]
[Result "0-1"]
[Round "1"]
1.e4 e5
2.Bf1c4 Nb8c6
3.d3 Bf8c5
4.Ng1f3 d6
5.O-O Ng8f6
6.Nb1c3 O-O
7.Bc1g5 Bc8e6
8.Bc4xe6 fxe6
 { time }
0-1

[Event "Tourn. n9851"]
[Site "www.echecsemail.com"]
[Date "2018.08.01"]
[Round "1"]
[White "Passaroa25"]
[Black "Picifarkinca"]
[WhiteElo "1660"]
[BlackElo "1570"]
[Result "1-0"]
[Round "1"]
1.Nb1c3 Ng8f6
2.Ng1f3 d5
3.d4 a6
4.e3 b5
5.Bc1d2 Nb8d7
6.Bf1e2 Bc8b7
7.h3 e6
8.Nf3e5 c5
9.Be2f3 Nd7xe5
10.dxe5 Nf6d7
11.e4 b4
12.Nc3e2 dxe4
13.Bf3g4 Nd7xe5
14.O-O h5
15.Bd2f4 Ne5g6
16.Qd1xd8 Ra8xd8
17.Ra1d1 Rd8xd1
18.Rf1xd1 { resign }
1-0

[Event "Match"]
[Site "www.echecsemail.com"]
[Date "2018.08.01"]
[Round "1"]
[White "J1j6"]
[Black "Biggles"]
[WhiteElo "1940"]
[BlackElo "2120"]
[Result "1/2-1/2"]
[Round "1"]
1.g3 e5
2.d4 e4
3.Bf1g2 d5
4.c4 Bc8e6
5.c5 Ng8f6
6.Nb1c3 b6
7.cxb6 axb6
8.Bc1f4 Nb8d7
9.f3 Bf8e7
10.fxe4 Nf6xe4
11.Nc3xe4 dxe4
12.Bg2xe4 Ra8a5
13.Be4c6 O-O
14.Bf4d2 Ra5a7
15.b3 Nd7f6
16.e3 Be6d5
17.Bc6xd5 Qd8xd5
18.Ng1f3 Be7d6
19.O-O Nf6e4
20.Bd2e1 Ra7a8
21.Qd1c2 c5
22.dxc5 Bd6xc5
23.Ra1d1 Bc5xe3
24.Kg2 Qd5e6
25.Be1b4 Rf8e8
26.Rd1e1 Be3c5
27.Bb4xc5 bxc5
28.Nf3g5 Qe6c6
29.Ng5xe4 Ra8a7
30.Kg1 Ra7e7
31.Rf1f4 h6
32.h4 Kh8
33.Kf2 Qc6g6
34.Kf3 Re7e5
35.g4 f5
36.gxf5 Re5xf5
37.Rf4xf5 Qg6xf5
38.Kg3 Qf5g6
39.Kh2 Qg6g4
40.Ne4f6 Qg4xh4
41.Kg2 Qh4g5
42.Kh3 Re8e3
43.Re1xe3 Qg5xe3
44.Kg4 Qe3g5
45.Kh3 Qg5xf6
46.Qc2xc5 Qf6f3
47.Kh2 Qf3e2
48.Kg3 { draw }
1/2-1/2

[Event "Tourn. n9873"]
[Site "www.echecsemail.com"]
[Date "2018.08.01"]
[Round "1"]
[White "Picifarkinca"]
[Black "Passaroa25"]
[WhiteElo "1580"]
[BlackElo "1680"]
[Result "0-1"]
[Round "1"]
1.e4 Nb8c6
2.Nb1c3 Ng8f6
3.d4 e6
4.Bc1g5 Bf8e7
5.d5 Nc6e5
6.Bf1e2 O-O
7.Ng1f3 Ne5g6
8.Qd1d2 Be7d6
9.O-O-O h6
10.Bg5xf6 Qd8xf6
{ resign }
0-1

[Event "Tourn. n9870"]
[Site "www.echecsemail.com"]
[Date "2018.08.01"]
[Round "1"]
[White "Ditto"]
[Black "Apdash"]
[WhiteElo "1900"]
[BlackElo "1810"]
[Result "0-1"]
[Round "1"]
1.e4 c5
2.Nb1c3 Nb8c6
3.Bf1b5 d6
4.d3 a6
5.Bb5a4 b5
6.Ba4b3 Nc6d4
7.Bb3d5 Ra8b8
8.a3 e6
9.Bd5a2 Qd8c7
10.Ng1f3 Ng8f6
11.Bc1g5 Bf8e7
12.O-O O-O
13.Rf1e1 e5
14.Nc3b1 Bc8g4
15.Nb1d2 a5
16.c3 Nd4xf3
17.Nd2xf3 c4
18.dxc4 bxc4
19.Ba2b1 Rb8xb2
20.h3 Bg4h5
21.Qd1c1 Rf8b8
22.Bb1c2 Bh5xf3
23.gxf3 Nf6h5
24.Bg5e3 Qc7d7
25.Kh2 d5
26.Re1g1 Kh8
27.exd5 Qd7xd5
28.Bc2e4 Qd5d7
29.Qc1f1 f5
30.Qf1g2 fxe4
31.fxe4 g6
32.a4 Nh5f4
33.Qg2f3 g5
34.Ra1d1 Qd7xa4
35.Rd1c1 Rb8g8
36.Qf3g4 Qa4c6
37.Qg4f3 a4
38.Qf3d1 Qc6xe4
39.Rc1a1 Qe4xe3
40.Qd1f1 a3
41.Rg1g3 Rb2xf2
42.Qf1xf2 Qe3xf2
{ resign }
0-1

[Event "Match"]
[Site "www.echecsemail.com"]
[Date "2018.08.01"]
[Round "1"]
[White "Jesmantiz"]
[Black "Stevep84"]
[WhiteElo "2210"]
[BlackElo "2290"]
[Result "0-1"]
[Round "1"]
1.d4 c6
2.e3 d5
3.Bf1d3 Ng8f6
4.Nb1d2 Bc8g4
5.f3 Bg4h5
6.Ng1e2 e6
7.O-O Bf8d6
8.c4 Nb8d7
9.c5 Bd6c7
10.f4 Qd8e7
11.Qd1e1 h6
12.Ne2g3 Bh5g6
13.f5 exf5
14.Ng3xf5 Bg6xf5
15.Bd3xf5 g6
16.Bf5d3 O-O-O
17.Nd2f3 Nf6e4
18.b4 f5
19.b5 Nd7b8
20.a4 Rd8g8
21.Bc1b2 g5
22.a5 a6
23.Nf3d2 cxb5
24.Rf1xf5 Qe7e6
25.Rf5f1 { time. }
0-1

[Event "Tourn. n9885"]
[Site "www.echecsemail.com"]
[Date "2018.08.01"]
[Round "1"]
[White "Cirovicz"]
[Black "Louis"]
[WhiteElo "2140"]
[BlackElo "2050"]
[Result "1-0"]
[Round "1"]
1.e4 f6
2.d4 g6
3.h4 c6
4.h5 g5
5.e5 d5
6.f4 gxf4
7.Bc1xf4 Qd8b6
8.b3 fxe5
9.Bf4xe5 Ng8f6
10.Be5xf6 exf6
11.Ng1f3 Bc8g4
12.Rh1h4 Bg4d7
13.Qd1e2 Bf8e7
14.Nb1d2 Nb8a6
15.c4 O-O-O
16.O-O-O Be7a3
17.Kb1 Bd7f5
18.Nd2e4 { resign }
1-0

[Event "Match"]
[Site "www.echecsemail.com"]
[Date "2018.08.01"]
[Round "1"]
[White "Dalwhite"]
[Black "Silverking"]
[WhiteElo "1879"]
[BlackElo "2239"]
[Result "0-1"]
[Round "1"]
1.d4 Ng8f6
2.f4 d5
3.Ng1f3 e6
4.Nb1c3 a6
5.h3 c5
6.Bc1e3 Qd8b6
7.b3 Nb8d7
8.Qd1d2 Qb6c7
9.O-O-O cxd4
10.Qd2xd4 Bf8c5
11.Qd4d3 Bc5b4
12.Nc3b1 b5
13.a3 Bb4d6
14.g3 Bc8b7
15.b4 O-O
16.c3 a5
17.Qd3xb5 axb4
18.axb4 Nf6e4
19.Kc2 Ra8a2
20.Kb3 Bb7a6
21.Kxa2 Ba6xb5
22.Rh1h2 Ne4xc3
23.Nb1xc3 Qc7xc3
24.Nf3d4 Rf8a8
25.Kb1 Ra8a1
{ resign }
0-1

[Event "Tourn. n9893"]
[Site "www.echecsemail.com"]
[Date "2018.08.01"]
[Round "1"]
[White "Picifarkinca"]
[Black "Ladyuzbetova"]
[WhiteElo "1590"]
[BlackElo "1539"]
[Result "0-1"]
[Round "1"]
1.d4 b6
2.c4 Bc8b7
3.f3 e5
4.d5 Qd8h4
5.g3 Qh4xc4
6.e4 Qc4d4
7.Qd1c2 c6
8.Ng1e2 Qd4c5
{ resign }
0-1

[Event "Tourn. n9828"]
[Site "www.echecsemail.com"]
[Date "2018.08.01"]
[Round "1"]
[White "Fegatux"]
[Black "Tartan"]
[WhiteElo "2320"]
[BlackElo "2500"]
[Result "0-1"]
[Round "1"]
1.d4 Ng8f6
2.c4 e6
3.g3 c5
4.d5 exd5
5.cxd5 d6
6.Nb1c3 g6
7.Bf1g2 Bf8g7
8.Ng1f3 O-O
9.O-O Nb8d7
10.Bc1f4 Qd8e7
11.Nc3b5 Nf6e8
12.Qd1d2 a6
13.Nb5c3 b5
14.Rf1e1 b4
15.Nc3a4 Ne8f6
16.Ra1c1 Bc8b7
17.Nf3g5 h6
18.Ng5f3 g5
19.Nf3xg5 hxg5
20.Bf4xg5 Rf8e8
21.e4 Qe7f8
22.f3 Nf6h7
23.Bg5f4 Bg7d4
24.Kh1 Qf8e7
25.Bg2h3 Nd7e5
26.Kg2 Ne5g6
27.Bf4h6 Bb7c8
28.Bh3f5 Qe7d8
29.Bf5xc8 Ra8xc8
30.h4 Nh7f6
 { time }
0-1